1997 genel nüfus tespiti (Record no. 2014)

MARC details
000 -BAŞLIK
Sabit Uzunlukta Kontrol Alanı 01174na a2200325 4500
001 - KONTROL NUMARASI
Denetim Alanı 15195
003 - KONTROL NUMARASI IDENTIFIER
Denetim Alanı MIRAKIL
005 - SON İŞLEM TARİHİ VE ZAMANI
Denetim Alanı 20181213154842.0
008 - SABİT-BOY VERİ ELEMANLARI - GENEL BİLGİLER
Sabit Uzunlukta Kontrol Alanı 160920b tu 000 0
020 ## - ULUSLARARASI STANDART KİTAP NUMARASI
Uluslararası Standart Kitap Numarası 9751922909
035 ## - SİSTEM KONTROL NUMARASI
Sistem Kontrol Numarası 15095
040 ## - KATALOGLAMA KAYNAK
Orijinal Kataloglama Ajansı Milas
Kataloglama Dili tur
Metne Dönüştürmek Ajansı TR-AnCHP
041 ## - DİL KODU
Metin / Ses Parça Veya Ayrı Başlığın Dil Kodu tur
-- eng
082 ## - DEWEY ONLU SINIFLANDIRMA NUMARASI
Sınıflandırma Numarası 304.6021 1997
Ürün Numarası T95g 1999
090 ## - SINIFLAMA NUMARASI
Sınıflama Numarası 304.6021 1997 T95g 1999
110 ## - ANA GİRİŞ - KURUMSAL ADI
Giriş Elemanı Olarak Kurumsal Ad Veya Yargı Alanı Adı Türkiye İstatistik Kurumu (TÜİK)
222 ## - ANAHTAR ADI
Anahtar Başlık Genel nüfus sayımı 1997
245 ## - BAŞLIK TABLOSU
Başlık 1997 genel nüfus tespiti
Başlığın Kalan İdari bölünüş = population count : administrative division
Sorumluluk Tablosu, Vb Devlet İstatistik Enstitüsü (DİE)
246 ## - UNVAN FORM VARYING
Başlık Doğru / Kısa Başlığı 1997 population count
246 ## - UNVAN FORM VARYING
Başlık Doğru / Kısa Başlığı 1997 genel nüfus sayımı
260 ## - YAYIN, DAĞITIM, VB
Yayın, Dağıtım, Vb Yeri Ankara
Yayıncı, Dağıtıcı, Vs Adı Devlet İstatistik Enstitüsü (DİE)
Yayın, Dağıtım, Vb Tarihi 1999
300 ## - FİZİKSEL TANIM
Kapsam xx, [krşk. s.]
Diğer Fiziksel Ayrıntıları tbl.
Boyutlar 29 sm.
490 ## - SERİSİ TABLOSU
Seri Beyanı Devlet İstatistik Enstitüsü
Hacim / Ardışık Tanımı 2281
500 ## - GENEL NOT
Genel Not Kurumun yeni adı: Türkiye İstatistik Kurumu (TÜİK)
546 ## - DİL NOTU
Dil Notu Metinler Türkçe-İngilizce karşılıklıdır.
650 ## - KONU KATMA GİRİŞ - TOPİKAL DÖNEM
Topikal Süreli Veya Coğrafi Ad Giriş Elemanı Nüfus sayımları
Genel Alt Bölümü 1997
Coğrafi Alt Bölümü Türkiye
651 ## - KONU KATMA GİRİŞ - COĞRAFİ ADI
Coğrafi İsim Türkiye
Genel Alt Bölümü Nüfus sayımı
651 ## - KONU KATMA GİRİŞ - COĞRAFİ ADI
Coğrafi İsim Türkiye
Genel Alt Bölümü Nüfus sayımı, 1997
Kronolojik Alt Bölümü İstatistikler
942 ## - EKLENDİ GİRİŞ ELEMANLARI (KOHA)
Sınıflandırma Veya Raf Düzeni Kaynak Dewey Decimal Classification
Koha Öğesi Türü Books
999 ## - SİSTEM KONTROL NUMARALARI (KOHA)
Koha Biblionumber 2014
Koha Biblioitemnumber 2014
Holdings
Kalıcı Konum Mevcut Konum Edinme Tarihi Edinim Kaynak Toplam Check-Out'Lar Tam Çağrı Numarası Barkod Tarih Son Görülme İtibaren Geçerli Fiyatlar Koha Öğesi Türü
CHP Kütüphanesi CHP Kütüphanesi 09/05/2016 Bağış   304.6021 1997 T95g 1999 003574 09/05/2016 09/05/2016 Books